| 000 | 01105cam a22003135i 4500 | ||
|---|---|---|---|
| 001 | 17726192 | ||
| 003 | JO-AjAnu | ||
| 005 | 20241022122648.0 | ||
| 008 | 130506s2013 nyu 000 0 eng | ||
| 010 | _a 2013939593 | ||
| 020 | _a9781461476290 | ||
| 040 |
_aDLC _beng _cDLC _erda _dDLC _dJO-AjAnu |
||
| 042 | _apcc | ||
| 050 |
_aT57.74. _bV39 2014 |
||
| 100 | 1 | _aVanderbei, Robert J. | |
| 245 | 1 | 0 |
_aLinear programming : _bfoundations and extensions / _cRobert J. Vanderbei. |
| 263 | _a1307 | ||
| 264 | 1 |
_aNew York : _bSpringer, _c2013. |
|
| 300 | _apages cm | ||
| 336 |
_atext _2rdacontent |
||
| 337 |
_aunmediated _2rdamedia |
||
| 338 |
_avolume _2rdacarrier |
||
| 856 | 4 | 2 |
_3Contributor biographical information _uhttp://www.loc.gov/catdir/enhancements/fy1314/2013939593-b.html |
| 856 | 4 | 2 |
_3Publisher description _uhttp://www.loc.gov/catdir/enhancements/fy1314/2013939593-d.html |
| 856 | 4 | 1 |
_3Table of contents only _uhttp://www.loc.gov/catdir/enhancements/fy1314/2013939593-t.html |
| 906 |
_a0 _bibc _corignew _d2 _eepcn _f20 _gy-gencatlg |
||
| 942 |
_2lcc _cBK _n0 |
||
| 999 |
_c33165 _d33165 |
||